Manažerské techniky prognózování, strategická analýza, strategické plánování, ...
Saved in:
| Main Author: | |
|---|---|
| Format: | Book |
| Language: | Czech |
| Published: |
Olomouc
Rubico
1995
|
| Series: | Učebnice pro každého
|
| Subjects: | |
| Tags: |
No Tags, Be the first to tag this record!
|
MARC
| LEADER | 00000nam a2200000 4500 | ||
|---|---|---|---|
| 001 | c104266 | ||
| 005 | 20221123112541.2 | ||
| 020 | |a 80-85839-06-7 | ||
| 041 | 0 | |a cze | |
| 044 | |a CZ | ||
| 245 | 1 | 0 | |a Manažerské techniky |b prognózování, strategická analýza, strategické plánování, ... |c Oldřich Šuleř ; [ilustrace Pavel Skura] |
| 264 | 1 | |a Olomouc |b Rubico |c 1995 | |
| 300 | |a 225 s. | ||
| 490 | 1 | |a Učebnice pro každého | |
| 830 | 0 | |a Učebnice pro každého | |
| 610 | 2 | 0 | |a manažment |
| 610 | 2 | 0 | |a manažéri |
| 610 | 2 | 0 | |a prognózovanie |
| 610 | 2 | 0 | |a analýzy |
| 610 | 2 | 0 | |a plánovanie strategické |
| 610 | 2 | 0 | |a riadenie podľa cieľov |
| 610 | 2 | 0 | |a porady |
| 610 | 2 | 0 | |a manažment krízový |
| 610 | 2 | 0 | |a zmeny organizačné |
| 610 | 2 | 0 | |a riadenie |
| 610 | 2 | 0 | |a technika riadenia |
| 610 | 2 | 0 | |a modely plánovania |
| 610 | 2 | 0 | |a reengineering |
| 100 | 1 | |a Šuleř, Oldřich | |